| 000 | 00868nas a2200301 4500 | ||
|---|---|---|---|
| 001 | BR2012009226 | ||
| 003 | BR-BrBNA | ||
| 005 | 20231205121605.0 | ||
| 007 | ta | ||
| 008 | 230509b bl.|||p| |||| 00| 00por d | ||
| 040 |
_aBR-BrBNA _bpor _cBiblioteca Nacional de Agricultura |
||
| 041 | _a(Pt) | ||
| 072 | _aH50 | ||
| 100 | 1 | _aSalis, S.M. | |
| 100 | 1 | _aLehn, C.R. | |
| 100 | 1 | _aPadilha, D.R.C. | |
| 100 | 1 | _aMattos, P.P. | |
| 245 | 1 | _aChanges in the structure due to strong winds in forest areas in the Pantanal, Brazil | |
| 650 | _aFLORESTA | ||
| 650 | _aÁREA BASAL | ||
| 650 | _aVENTO | ||
| 650 | _aDISTÚRBIO FISIOLOGICO | ||
| 650 | _aESTRUTURA VEGETAL | ||
| 650 | _aPANTANAL | ||
| 773 | 0 |
_tCerne (Brazil) _xISSN 0104-7760 _g(Jul-Sep 2012), v. 18(3) p. 387-395 _wBR2012009226 |
|
| 909 |
_a202311 _bLúcia _c55 _dLúcia Elande |
||
| 942 |
_2AGRIS _n0 _cANA |
||
| 999 |
_c224268 _d224268 |
||